Artistas musicales a país - Estadísticas

Estadísticas generales
  • Esta prueba ha sido intentada 1.263 veces
  • La puntuación promedio es 13 de 18
Estadísticas de respuestas
Hint Respuesta % Correcto
Shakira Colombia
91%
Rosalía España
90%
Julio Iglesias España
87%
Alejandro Sanz España
85%
Bizarrap Argentina
82%
Bad Bunny Puerto Rico
82%
Maluma Colombia
79%
Karol G Colombia
77%
Daddy Yankee Puerto Rico
76%
Peso Pluma México
68%
Ricky Martin Puerto Rico
68%
Carlos Vives Colombia
65%
Rauw Alejandro Puerto Rico
65%
Juanes Colombia
64%
J Balvin Colombia
62%
Pitbull Estados Unidos
52%
Carlos Santana México
45%
Becky G Estados Unidos
39%
No se encontraron pruebas coincidentes
Distribución de puntuación
Porcentaje de gente con cada puntuación
Porcentaje por número respondido
Historial de tus puntuaciones
No has intentado esta prueba.